| 000 | 01380nam0a2200313 i 4500 | ||
|---|---|---|---|
| 001 | RU\NLR\bibl\1909753 | ||
| 005 | 20260406101026.0 | ||
| 010 |
_a9785699538614 _98000 |
||
| 021 |
_aRU _b2011-98691 _9236д/12 |
||
| 035 | _a(NLR Aleph) 001899302 | ||
| 090 |
_a3026699 _c3026699 |
||
| 100 | _a20120531d2012 u y0rusy50 ca | ||
| 101 | 1 |
_arus _cara |
|
| 102 | _aRU | ||
| 105 | _aa ||||||||| | ||
| 200 | 1 |
_aНе грусти! _eрецепты счастья и лекарство от грусти _f`Аид ибн `Абдуллах аль-Карни _g[сокр. пер. с араб., лит. обраб., доп.: Карима (Екатерина) Сорокоумова _gхудож.: Рашида Галимова] |
|
| 210 |
_aМосква _cUmmah _cЭксмо _d2012 |
||
| 215 |
_a319, 64 с. _cил., цв. ил. _d19 |
||
| 606 | 1 |
_aСчастье _xМусульманская концепция _92106833 _3RU\NLR\auth\661577233 |
|
| 686 | _aЭ38-433.18 | ||
| 700 | 1 |
_4070 _7ca _8rus _aАль-Карни _bА. _f1959- _gАид _994859 _3RU\NLR\auth\77111934 |
|
| 702 | 1 |
_4730 _7ca _8rus _aСорокоумова _bЕ. М. _gЕкатерина М. _961499 _3RU\NLR\auth\7778571 |
|
| 702 | 1 |
_aГалимова _bР. _gРашида _4440 |
|
| 801 | 0 |
_aRU _bNLR _c20120531 _gRCR |
|
| 801 | 1 |
_aRU _bNLR _c20120531 |
|
| 942 | _cBOOK | ||
| 980 | _aNBR | ||